00641 2200181 4500245003700000020002200037250001100059100001500070700002100085650002000106005001900126260003200145041001400177084000800191300002200199500022900221336000900450 aSelfie StoriescDewi RiekahText a978-602-0851-28-0 aCet. 1 aDewi Rieka aWinda Krisnadefa aNovel Indonesia a20231004094520 aBandungbPastel Booksc2015 aIndonesia a813 a152 hlm. :cilus. aJUDUL: SELFIE STORIES Ada sebuah usaha dibalik selfie. Ada kisah yang tidak bisa kita tebak dibalik sekumpulan orang yang tampak bahagia dalam selfie. Kalau tidak diceritakan, kadang selfie tampak hanya sebagai ajang narsis. atext